|
|
|
|
| LEADER |
01655nam a2200301 i 4500 |
| 003 |
GR-PaULI |
| 005 |
20210117211052.0 |
| 008 |
200409s2019 gr ||||g |||| 00| 0 gre d |
| 952 |
|
|
|0 0
|1 0
|2 ddc
|4 0
|6 616_890000000000000_ΜΥΘ
|7 0
|9 240193
|a THST
|b THST
|d 2020-04-09
|i 015269
|l 0
|o 616.89 ΜΥΘ
|p 025000267158
|r 2020-04-09 00:00:00
|t 1
|v 2020.00
|w 2020-04-09
|y BK15
|
| 999 |
|
|
|c 145030
|d 145030
|
| 020 |
|
|
|a 9789605891022
|
| 040 |
|
|
|a GR-PaULI
|b gre
|c GR-PaULI
|e AACR2
|
| 082 |
0 |
4 |
|2 23
|a 616.89
|
| 245 |
0 |
0 |
|a Μύθος και παραμύθι :
|b από την αφήγηση στον ψυχαναλυτικό λόγο : μονογραφία /
|c επιμέλεια Δ. Αναστασόπουλος, Α. Ζαχαριά.
|
| 260 |
|
|
|a Αθήνα :
|b Νήσος ;
|b Ελληνική Εταιρεία Ψυχαναλυτικής Ψυχοθεραπείας Παιδιού και Εφήβου,
|c 2019.
|
| 300 |
|
|
|a 235 σ. ;
|c 24 εκ.
|
| 504 |
|
|
|6 Περιλαμβάνει βιβλιογραφία.
|
| 650 |
|
4 |
|9 1562
|a Ψυχανάλυση
|
| 650 |
|
0 |
|9 23
|a Ψυχολογία
|
| 650 |
|
4 |
|9 133279
|a Ψυχανάλυση και τέχνη
|
| 650 |
|
4 |
|9 87834
|a Ψυχανάλυση και κινηματογράφος
|
| 650 |
|
4 |
|9 132369
|a Μυθολογία και ψυχανάλυση
|
| 650 |
|
4 |
|9 50966
|a Ψυχανάλυση και λογοτεχνία
|
| 650 |
|
4 |
|9 107168
|a Αφήγηση (Ρητορική)
|x Ψυχολογικές απόψεις
|
| 700 |
1 |
4 |
|9 17470
|a Αναστασόπουλος, Δημήτρης
|e επιμελητής
|
| 700 |
1 |
4 |
|9 180629
|a Ζαχαριά, Αλεξάνδρα.
|e επιμελήτρια
|
| 942 |
|
|
|2 ddc
|c BK15
|
| 998 |
|
|
|c ΜΑΝΙΑ
|d 2020-04
|